[Event "DVM U20w 2018"]
[Site "Osnabrück GER"]
[Date "2018.12.28"]
[Round "4"]
[White "Schäfer, Leonie"]
[Black "Giede, Anna-Blume"]
[Result "0-1"]
[Termination "normal"]
[Board "3.4"]
[WhiteElo "1436"]
[BlackElo "1569"]
[WhiteClock "00:23:01"]
[BlackClock "00:04:39"]
[WhiteTeam "SV Lingen"]
[BlackTeam "TuRa Harksheide von 1945 Norderstedt"]
[PlyCount "100"]
[WhiteFideId "16241851"]
[BlackFideId "12921980"]
[EventCountry "GER"]
[EventRounds "7"]
[EventType "team-swiss"]
[EventDate "2018.12.26"]

1. Nf3 {[%clk 1:30:57]} Nf6 {[%clk 1:30:54]} 2. g3 {[%clk 1:31:19]} d5 {[%clk
1:31:16]} 3. Bg2 {[%clk 1:31:39]} c6 {[%clk 1:31:37]} 4. O-O {[%clk 1:31:58]}
Bf5 {[%clk 1:31:46]} 5. d4 {[%clk 1:31:45]} h6 {[%clk 1:31:57]} 6. c4 {[%clk
1:31:57]} e6 {[%clk 1:31:28]} 7. Nc3 {[%clk 1:32:00]} Be7 {[%clk 1:28:20]} 8.
Qb3 {[%clk 1:31:20]} Qb6 {[%clk 1:26:19]} 9. Bf4 {[%clk 1:29:39]} O-O {[%clk
1:17:59]} 10. Rac1 {[%clk 1:16:33]} dxc4 {[%clk 0:56:10]} 11. Qxb6 {[%clk
1:08:39]} axb6 {[%clk 0:56:33]} 12. Ne5 {[%clk 1:08:14]} b5 {[%clk 0:52:34]}
13. a3 {[%clk 1:06:56]} Nd5 {[%clk 0:37:18]} 14. e4 {[%clk 1:04:33]} Nxc3
{[%clk 0:33:10]} 15. Rxc3 {[%clk 1:04:34]} Bh7 {[%clk 0:33:22]} 16. d5 {[%clk
1:03:40]} Bf6 {[%clk 0:29:27]} 17. Rcc1 {[%clk 1:00:42]} g5 {[%clk 0:26:18]}
18. Ng4 {[%clk 0:58:45]} Bxb2 {[%clk 0:24:02]} 19. Bd6 {[%clk 0:56:33]} Bxc1
{[%clk 0:15:37]} 20. Nf6+ {[%clk 0:56:03]} Kg7 {[%clk 0:15:32]} 21. Bxf8+
{[%clk 0:56:01]} Kxf8 {[%clk 0:09:54]} 22. Rxc1 {[%clk 0:52:21]} Kg7 {[%clk
0:06:38]} 23. Ne8+ {[%clk 0:49:39]} Kf8 {[%clk 0:06:49]} 24. Nc7 {[%clk
0:48:37]} Rxa3 {[%clk 0:06:28]} 25. dxe6 {[%clk 0:48:59]} fxe6 {[%clk 0:06:27]}
26. Nxe6+ {[%clk 0:49:26]} Ke7 {[%clk 0:06:26]} 27. Nd4 {[%clk 0:45:39]} Nd7
{[%clk 0:05:24]} 28. Bh3 {[%clk 0:41:49]} Nc5 {[%clk 0:02:33]} 29. Nf5+ {[%clk
0:41:37]} Bxf5 {[%clk 0:02:52]} 30. Bxf5 {[%clk 0:41:10]} Nd3 {[%clk 0:02:39]}
31. Rd1 {[%clk 0:29:21]} b4 {[%clk 0:02:33]} 32. e5 {[%clk 0:27:44]} Nxe5
{[%clk 0:02:15]} 33. f4 {[%clk 0:26:25]} gxf4 {[%clk 0:02:23]} 34. gxf4 {[%clk
0:26:54]} Nd3 {[%clk 0:01:58]} 35. Bxd3 {[%clk 0:25:10]} Rxd3 {[%clk 0:01:33]}
36. Re1+ {[%clk 0:25:03]} Kf6 {[%clk 0:01:54]} 37. Kf2 {[%clk 0:24:54]} c3
{[%clk 0:01:40]} 38. Rb1 {[%clk 0:22:43]} c2 {[%clk 0:01:38]} 39. Rc1 {[%clk
0:22:16]} b3 {[%clk 0:01:51]} 40. Ke2 {[%clk 0:22:40]} Rd1 {[%clk 0:01:50]} 41.
Rxd1 {[%clk 0:22:38]} cxd1=Q+ {[%clk 0:02:15]} 42. Kxd1 {[%clk 0:22:55]} Kf5
{[%clk 0:02:40]} 43. Kc1 {[%clk 0:23:10]} c5 {[%clk 0:02:48]} 44. Kb2 {[%clk
0:23:10]} c4 {[%clk 0:03:12]} 45. Kc3 {[%clk 0:23:18]} Kxf4 {[%clk 0:03:34]}
46. h3 {[%clk 0:23:16]} b5 {[%clk 0:03:45]} 47. h4 {[%clk 0:23:35]} b4+ {[%clk
0:03:58]} 48. Kb2 {[%clk 0:22:38]} Kg4 {[%clk 0:04:11]} 49. h5 {[%clk 0:22:49]}
Kxh5 {[%clk 0:04:35]} 50. Kc1 {[%clk 0:23:01]} c3 {[%clk 0:04:39]} 0-1

[Event "DVM U20w 2018"]
[Site "Osnabrück GER"]
[Date "2018.12.28"]
[Round "4"]
[White "Rudolph, Eva"]
[Black "Schiewe, Nadin"]
[Result "1-0"]
[Termination "normal"]
[Board "4.1"]
[WhiteElo "1796"]
[BlackElo "1527"]
[WhiteTeam "Düsseldorfer SK"]
[BlackTeam "Leegebrucher SF"]
[PlyCount "103"]
[WhiteFideId "16200594"]
[BlackFideId "16209079"]
[EventCountry "GER"]
[EventRounds "7"]
[EventType "team-swiss"]
[EventDate "2018.12.26"]

1. e4 d5 2. exd5 Qxd5 3. Nc3 Qd6 4. Bc4 c6 5. d4 Nf6 6. Nf3 Bf5 7. Ne5 e6 8.
Bf4 Qd8 9. g4 Be4 10. Rf1 Bd5 11. Bd3 Qb6 12. Bc1 Nbd7 13. f4 Be7 14. Na4 Qc7
15. Qe2 Bb4+ 16. Bd2 Bxd2+ 17. Qxd2 Nxe5 18. dxe5 Nxg4 19. c4 Bxc4 20. Bxc4 b5
21. Be2 Nxh2 22. Rh1 bxa4 23. Rxh2 Qb6 24. Rh3 Rb8 25. O-O-O O-O 26. Qc2 h6 27.
Rc3 Rfd8 28. Rcd3 Rxd3 29. Rxd3 a5 30. Rc3 Rd8 31. Rd3 Rxd3 32. Qxd3 Qc5+ 33.
Qc3 Qxc3+ 34. bxc3 f6 35. a3 f5 36. Bd1 g5 37. fxg5 hxg5 38. Bxa4 c5 39. Kd2 f4
40. Bc6 Kf7 41. Bf3 c4 42. Bh5+ Ke7 43. Ke2 Kd7 44. Kf3 Kc6 45. Ke4 Kd7 46. Be2
Ke7 47. Bxc4 Kf7 48. Kf3 Ke7 49. Kg4 Kd7 50. Kxg5 f3 51. Kf4 f2 52. Kg3 1-0

[Event "DVM U20w 2018"]
[Site "Osnabrück GER"]
[Date "2018.12.28"]
[Round "4"]
[White "Jacoby, Angelina"]
[Black "Sokolowski, Judith"]
[Result "1/2-1/2"]
[Termination "normal"]
[Board "4.2"]
[WhiteElo "1259"]
[BlackElo "1589"]
[WhiteTeam "Leegebrucher SF"]
[BlackTeam "Düsseldorfer SK"]
[PlyCount "83"]
[WhiteFideId "12999008"]
[BlackFideId "16200624"]
[EventCountry "GER"]
[EventRounds "7"]
[EventType "team-swiss"]
[EventDate "2018.12.26"]

1. b3 Nf6 2. e3 d5 3. Bb2 c5 4. Nf3 Nc6 5. d4 e6 6. Be2 Bd6 7. O-O O-O 8. Nc3
a6 9. dxc5 Bxc5 10. Na4 Be7 11. Rc1 b5 12. Nc3 Bb7 13. Nb1 Qb6 14. c3 Rfd8 15.
Nd4 Rac8 16. Nxc6 Bxc6 17. Qd4 Qb8 18. Qh4 Qb7 19. Qd4 Ne4 20. Bf3 Bf6 21. Qd1
Ng5 22. Nd2 Bd7 23. Re1 b4 24. Nb1 Ne4 25. Bxe4 dxe4 26. Qe2 bxc3 27. Bxc3 Bb5
28. Qb2 Bxc3 29. Nxc3 Bd3 30. Na4 Qb5 31. Red1 h6 32. Rxc8 Rxc8 33. Nc3 Qe5 34.
Rc1 Kh7 35. Qa1 Rc5 36. h3 Qf6 37. a3 Rf5 38. Qa2 Qg6 (38... Rh5 39. Rd1) 39.
Rd1 Qf6 40. Rc1 Rc5 41. Qd2 Qe5 42. Na4 1/2-1/2

[Event "DVM U20w 2018"]
[Site "Osnabrück GER"]
[Date "2018.12.28"]
[Round "4"]
[White "Garbuz, Nicole"]
[Black "Mylke, Sandy-Michelle"]
[Result "1-0"]
[Termination "normal"]
[Board "4.3"]
[WhiteElo "1666"]
[BlackElo "1188"]
[WhiteTeam "Düsseldorfer SK"]
[BlackTeam "Leegebrucher SF"]
[PlyCount "45"]
[WhiteFideId "12990701"]
[BlackFideId "16235045"]
[EventCountry "GER"]
[EventRounds "7"]
[EventType "team-swiss"]
[EventDate "2018.12.26"]

1. e4 e5 2. Nf3 Nc6 3. Bc4 Bc5 4. c3 Nf6 5. d4 exd4 6. cxd4 Bb4+ 7. Bd2 Nxe4 8.
Bxb4 Nxb4 9. Bxf7+ Kxf7 10. Qb3+ d5 11. Qxb4 Re8 12. O-O Kg8 13. Nc3 Ng5 14.
Ne5 Rf8 15. f4 Rxf4 16. Rxf4 Nh3+ 17. gxh3 Qg5+ 18. Rg4 Qe3+ 19. Kh1 Bxg4 20.
hxg4 Rf8 21. Qxb7 h6 22. Qxd5+ Kh8 23. Ng6+ 1-0

[Event "DVM U20w 2018"]
[Site "Osnabrück GER"]
[Date "2018.12.28"]
[Round "4"]
[White "Pietsch, Virginia-Atlanta"]
[Black "Paulweber, Lara Maria"]
[Result "0-1"]
[Termination "normal"]
[Board "4.4"]
[WhiteElo "1240"]
[BlackElo "1483"]
[WhiteTeam "Leegebrucher SF"]
[BlackTeam "Düsseldorfer SK"]
[PlyCount "56"]
[WhiteFideId "16235053"]
[BlackFideId "12954411"]
[EventCountry "GER"]
[EventRounds "7"]
[EventType "team-swiss"]
[EventDate "2018.12.26"]

1. d4 d5 2. c4 e6 3. Nc3 Bb4 4. Bd2 Nf6 5. Nf3 O-O 6. e3 b6 7. a3 Bd6 8. Bd3
Ba6 9. Qe2 c6 10. O-O Nbd7 11. Rac1 e5 12. dxe5 Nxe5 13. Nxe5 Bxe5 14. Rb1 Bxc4
15. Rfd1 Bxd3 16. Qxd3 d4 17. Ne2 dxe3 18. Bxe3 Qxd3 19. Rxd3 Ng4 20. Bf4 Rad8
21. Rbd1 Rxd3 22. Rxd3 Bxb2 23. h3 Nh6 24. Rg3 Re8 25. Nc3 Nf5 26. Rd3 Bxc3 27.
Rxc3 Nd4 28. Rd3 Ne2+ 0-1

[Event "DVM U20w 2018"]
[Site "Osnabrück GER"]
[Date "2018.12.28"]
[Round "4"]
[White "Kohl, Natalie"]
[Black "Schumann, Rabea"]
[Result "1/2-1/2"]
[Termination "normal"]
[Board "5.1"]
[WhiteElo "1474"]
[BlackElo "1922"]
[WhiteTeam "Meuselwitzer SV"]
[BlackTeam "SG Güstrow/Teterow"]
[PlyCount "47"]
[WhiteFideId "12967408"]
[BlackFideId "12918199"]
[EventCountry "GER"]
[EventRounds "7"]
[EventType "team-swiss"]
[EventDate "2018.12.26"]

1. e4 c5 2. c3 Nf6 3. e5 Nd5 4. d4 cxd4 5. cxd4 Nc6 6. Nf3 d6 7. exd6 Qxd6 8.
Be2 Bf5 9. a3 g6 10. O-O Bg7 11. Nc3 O-O 12. Be3 Rfd8 13. Qd2 Rac8 14. Bh6 Bf6
15. Bb5 Nxc3 16. bxc3 Na5 17. Bf4 Qd5 18. Qb2 a6 19. Be2 b5 20. a4 Nb3 21. Ra3
Nxd4 22. Nxd4 Bxd4 23. axb5 axb5 24. cxd4 1/2-1/2

[Event "DVM U20w 2018"]
[Site "Osnabrück GER"]
[Date "2018.12.28"]
[Round "4"]
[White "Jörs, Pia-Milena"]
[Black "Meyer, Jessica"]
[Result "1-0"]
[Termination "normal"]
[Board "5.2"]
[WhiteElo "1586"]
[BlackElo "1383"]
[WhiteTeam "SG Güstrow/Teterow"]
[BlackTeam "Meuselwitzer SV"]
[PlyCount "79"]
[WhiteFideId "12964646"]
[BlackFideId "16230019"]
[EventCountry "GER"]
[EventRounds "7"]
[EventType "team-swiss"]
[EventDate "2018.12.26"]

1. d4 Nf6 2. Nf3 e6 3. Bf4 b6 4. c4 Bb7 5. e3 c5 6. Nc3 a6 7. Be2 Be7 8. O-O
O-O 9. d5 d6 10. e4 e5 11. Bd2 Nbd7 12. Qc2 Qc7 13. a4 Rfb8 14. Ne1 Bc8 15. f4
exf4 16. Bxf4 Ne5 17. Nf3 Nfd7 18. Qd2 h6 19. Rad1 Bf6 20. Bg3 Nxf3+ 21. gxf3
Bd4+ 22. Bf2 Bf6 23. Kh1 Ne5 24. Rg1 Kh7 25. Bg3 Bd7 26. f4 Ng6 27. Bh5 Rf8 28.
Rde1 Rae8 29. Rg2 Bh3 30. Rge2 Bd7 31. Qd3 Re7 32. Bxg6+ fxg6 33. Kg1 Bg4 34.
Rd2 Rfe8 35. Kg2 Qd7 36. Bf2 Qc8 37. h3 Bh5 38. Bg3 Bxc3 39. bxc3 Rd8 40. Bh4
1-0

[Event "DVM U20w 2018"]
[Site "Osnabrück GER"]
[Date "2018.12.28"]
[Round "4"]
[White "Biele, Johanna"]
[Black "Zoll, Cindy"]
[Result "1/2-1/2"]
[Termination "normal"]
[Board "5.3"]
[WhiteElo "1390"]
[BlackElo "1342"]
[WhiteTeam "Meuselwitzer SV"]
[BlackTeam "SG Güstrow/Teterow"]
[PlyCount "83"]
[WhiteFideId "16242211"]
[BlackFideId "12964638"]
[EventCountry "GER"]
[EventRounds "7"]
[EventType "team-swiss"]
[EventDate "2018.12.26"]

1. d4 f5 2. Bf4 Nf6 3. e3 e6 4. Bd3 d5 5. Nf3 Be7 6. Nbd2 O-O 7. O-O Ne4 8. c4
c6 9. Rc1 Nd7 10. Ne1 Ndf6 11. f3 Nd6 12. Bxd6 Bxd6 13. c5 Bc7 14. f4 Ng4 15.
Qe2 Bd7 16. h3 Nf6 17. Nef3 Ne4 18. Bxe4 fxe4 19. Ne5 Be8 20. Rf2 Bf7 21. Nxf7
Rxf7 22. g3 Qf6 23. Kg2 Raf8 24. Rcf1 Qe7 25. Qg4 Rf5 26. Qe2 R5f7 27. b4 Bd8
28. Rh1 Bc7 29. Rhf1 Bd8 30. Rh1 Rf6 31. Kf1 Bc7 32. Ke1 Qf7 33. Nf1 e5 34.
dxe5 Bxe5 35. a3 Bc3+ 36. Kd1 d4 37. Qc2 dxe3 38. Nxe3 Rd8+ 39. Kc1 Bd4 40. Re2
Bxe3+ 41. Rxe3 Rd4 42. Rxe4 1/2-1/2

[Event "DVM U20w 2018"]
[Site "Osnabrück GER"]
[Date "2018.12.28"]
[Round "4"]
[White "Gesell, Myriam"]
[Black "Neumann, Tina"]
[Result "0-1"]
[Termination "normal"]
[Board "5.4"]
[WhiteElo "769"]
[BlackElo "1501"]
[WhiteTeam "SG Güstrow/Teterow"]
[BlackTeam "Meuselwitzer SV"]
[PlyCount "86"]
[WhiteFideId "16200330"]
[BlackFideId "16212371"]
[EventCountry "GER"]
[EventRounds "7"]
[EventType "team-swiss"]
[EventDate "2018.12.26"]

1. e4 d5 2. exd5 Qxd5 3. Nc3 Qa5 4. d4 Nf6 5. Nf3 Bf5 6. Bd2 c6 7. Ne4 Qc7 8.
Nc3 e6 9. Bc4 Bd6 10. h3 Nbd7 11. O-O O-O-O 12. Be3 h6 13. Qd2 g5 14. Ne2 Ne4
15. Qe1 g4 16. Nh4 gxh3 17. f4 hxg2 18. Nxg2 Rdg8 19. Kh2 Ndf6 20. Kh1 Bh3 21.
Rg1 Ng4 22. Bc1 Nef2+ 23. Qxf2 Nxf2+ 24. Kh2 Bxg2 25. Rxg2 Rxg2+ 26. Kxg2 Ne4
27. Be3 Qd8 28. Kf3 Nf6 29. Rd1 Nd5 30. c3 Nxe3 31. Kxe3 Qh4 32. Rf1 Rg8 33.
Kd2 Rg2 34. f5 Qg5+ 35. Kd1 Qf6 36. Bd3 Kc7 37. b4 h5 38. a3 h4 39. c4 Kb8 40.
d5 Qa1+ 41. Nc1 Qc3 42. Nb3 Qxd3+ 43. Ke1 Qe2# 0-1

[Event "DVM U20w 2018"]
[Site "Osnabrück GER"]
[Date "2018.12.28"]
[Round "4"]
[White "Simon, Tessa"]
[Black "La, Quynh Trang"]
[Result "1-0"]
[Termination "normal"]
[Board "6.1"]
[WhiteElo "1929"]
[BlackElo "1583"]
[WhiteTeam "Muldental Wilkau-Haßlau"]
[BlackTeam "SG Trier"]
[PlyCount "59"]
[WhiteFideId "12929395"]
[BlackFideId "16275276"]
[EventCountry "GER"]
[EventRounds "7"]
[EventType "team-swiss"]
[EventDate "2018.12.26"]

1. e4 e6 2. d4 d5 3. Nc3 dxe4 4. Nxe4 Nd7 5. Bd3 Ngf6 6. Qe2 Be7 7. Nxf6+ Nxf6
8. Nf3 O-O 9. Bg5 b6 10. Bxf6 Bxf6 11. Qe4 g6 12. Qxa8 Bxd4 13. Nxd4 Qxd4 14.
O-O-O Qxf2 15. Qe4 Qc5 16. Rde1 Qe7 17. h4 h5 18. g4 c5 19. Qf4 Bb7 20. Rh2 Kh8
21. Qh6+ Kg8 22. gxh5 f5 23. Qxg6+ Qg7 24. Qxe6+ Kh8 25. h6 Qf7 26. Qe5+ Qf6
27. Qxf6+ Rxf6 28. Re8+ Kh7 29. Re7+ Kxh6 30. Rxb7 1-0

[Event "DVM U20w 2018"]
[Site "Osnabrück GER"]
[Date "2018.12.28"]
[Round "4"]
[White "Elenz, Elisa"]
[Black "Moses, Selina"]
[Result "0-1"]
[Termination "normal"]
[Board "6.2"]
[WhiteElo "1490"]
[BlackElo "1922"]
[WhiteTeam "SG Trier"]
[BlackTeam "Muldental Wilkau-Haßlau"]
[PlyCount "102"]
[WhiteFideId "16262492"]
[BlackFideId "12908070"]
[EventCountry "GER"]
[EventRounds "7"]
[EventType "team-swiss"]
[EventDate "2018.12.26"]

1. e4 c5 2. Nc3 Nc6 3. d3 g6 4. g3 Bg7 5. Bg2 d6 6. f4 e6 7. Nf3 Nge7 8. Be3
Nd4 9. O-O O-O 10. Qd2 Rb8 11. a4 b6 12. b3 Nxf3+ 13. Rxf3 d5 14. exd5 Nxd5 15.
Nxd5 Bxa1 16. Nc3 Qf6 17. Ne4 Qg7 18. Rf1 Bd4 19. Bxd4 Qxd4+ 20. Kh1 Bb7 21.
Qe2 Rfe8 22. Qf2 Qxf2 23. Rxf2 Kg7 24. Nd6 Bxg2+ 25. Kxg2 Red8 26. Nc4 a6 27.
Kf3 b5 28. axb5 axb5 29. Nd2 f5 30. h3 Ra8 31. Ke3 Kf6 32. h4 e5 33. fxe5+ Kxe5
34. c4 Rab8 35. Rf1 bxc4 36. bxc4 Ra8 37. Ke2 Ra2 38. Rb1 Kd4 39. Rb3 Re8+ 40.
Kd1 Re3 41. Nb1 Rxd3+ 42. Rxd3+ Kxd3 43. Kc1 Ra1 44. Kb2 Rxb1+ 45. Kxb1 Kxc4
46. Kc2 Kd4 47. Kd2 Ke4 48. Ke2 c4 49. Kd2 Kf3 50. Kc3 Kxg3 51. Kxc4 f4 0-1

[Event "DVM U20w 2018"]
[Site "Osnabrück GER"]
[Date "2018.12.28"]
[Round "4"]
[White "Schwalbach, Kathrin"]
[Black "Wagner, Julia"]
[Result "0-1"]
[Termination "normal"]
[Board "6.4"]
[WhiteElo "1083"]
[BlackElo "1276"]
[WhiteTeam "SG Trier"]
[BlackTeam "Muldental Wilkau-Haßlau"]
[PlyCount "100"]
[WhiteFideId "16275284"]
[BlackFideId "16259351"]
[EventCountry "GER"]
[EventRounds "7"]
[EventType "team-swiss"]
[EventDate "2018.12.26"]

1. e4 e5 2. Nf3 Nc6 3. Nc3 Nf6 4. Bb5 d6 5. d4 exd4 6. Nxd4 Bd7 7. Nxc6 bxc6 8.
Ba6 Be7 9. O-O Rb8 10. Re1 O-O 11. h3 Be6 12. b3 d5 13. e5 Nd7 14. Bb2 Bc5 15.
Na4 Bb6 16. Nxb6 cxb6 17. Ba3 Re8 18. Bd6 Qg5 19. Bxb8 Rxb8 20. Qf3 b5 21. a4
Nc5 22. Qe3 Qxe3 23. Rxe3 Nxa6 24. axb5 d4 25. Ree1 Nb4 26. Rec1 cxb5 27. Rxa7
h6 28. c4 bxc4 29. bxc4 Rc8 30. c5 Nc6 31. Ra2 Bxa2 32. Rc2 Be6 33. g4 Nxe5 34.
f4 Nc6 35. f5 Bd5 36. h4 d3 37. Rd2 Nb4 38. g5 Rxc5 39. gxh6 Rc2 40. Rxd3 Nxd3
41. f6 gxf6 42. h5 Ne5 43. h7+ Kxh7 44. Kf1 Ra2 45. h6 Bc4+ 46. Ke1 f5 47. Kd1
f4 48. Kc1 f3 49. Kb1 f2 50. Kc1 f1=Q# 0-1